Statistics for Cities with the Highest Cost of Living

Click here to take the quiz!

General Stats

  • This quiz has been taken 192 times
  • The average score is 29 of 50

Answer Stats

#Answer% Correct
2.London
95%
15.New York City
95%
13.Paris
92%
4.Tokyo
89%
46.Berlin
86%
1.Moscow
86%
10.Oslo
84%
18.Rome
84%
21.Sydney
84%
26.Madrid
82%
23.Stockholm
82%
42.Los Angeles
81%
20.Beijing
77%
31.Barcelona
76%
22.Helsinki
75%
25.Amsterdam
74%
5.Hong Kong
74%
27.Shanghai
72%
6.Copenhagen
71%
16.Dublin
71%
11.Milan
71%
14.Singapore
71%
3.Seoul
70%
19.Vienna
70%
9.Zurich
70%
44.Brussels
65%
39.Munich
63%
8.Osaka
63%
12.St. Petersburg
63%
40.Frankfurt
62%
34.Dubai
60%
49.Prague
60%
29.Athens
57%
7.Geneva
56%
38.Istanbul
48%
45.Abu Dhabi
41%
28.Kiev
39%
43.Luxembourg
37%
48.Taipei
37%
41.Birmingham
31%
36.Glasgow
30%
17.Tel Aviv
29%
47.Dusseldorf
18%
32.Bratislava
16%
37.Lagos
10%
50.Algiers
3%
33.Dakar
2%
35.Abidjan
1%
30.Almaty
1%
24.Douala
0%

Score Distribution

Percentile by Number Answered

Percent of People with Each Score

Your Score History

You have not taken this quiz